Wine Regions of France (typing) - Statistics

General Stats
  • This quiz has been taken 231 times
  • The average score is 10 of 12
Answers on the Map
Answers color-coded by a green-red scale on the quiz's map according to % correct below.
 
Answer Stats
Region % Correct
Bordeaux
96%
Alsace
93%
Chablis
93%
Champagne
93%
Burgundy
92%
The Loire Valley
87%
Northern Rhône
84%
Southern Rhône
84%
Provence
81%
Languedoc-Roussillon
75%
The Dordogne
57%
South West France
53%
No matching quizzes found
Score Distribution
Percent of People with Each Score
Percentile by Number Answered
Your Score History
You have not taken this quiz